| 000 | 00590nmm a2200193Ia 4500 | ||
|---|---|---|---|
| 008 | 251105s9999||||xx |||||||||||||||||und|| | ||
| 020 | _a9788427717251 | ||
| 041 | _aspa | ||
| 100 | _aMoreno de Buenafuente, Ángel | ||
| 245 | 0 | _aGuía para el camino espiritual | |
| 264 |
_a[Madrid, España] : _bNarcea Ediciones, _c2012 |
||
| 300 | _a199 páginas | ||
| 490 | _aLibros de Espiritualidad | ||
| 650 | _aReligion(s) | ||
| 700 | _aMoreno de Buenafuente, Ángel | ||
| 700 | 1 | _a Martínez Moreno, Isabel (ed.) | |
| 856 | _uhttps://public.digitaliapublishing.com/a/40962 | ||
| 942 | _cCF | ||
| 999 |
_c69051 _d69051 |
||